| 000 | 00945nam0a22002531 4500 | ||
|---|---|---|---|
| 001 | v19\rc\1245860 | ||
| 005 | 20060306175214.6 | ||
| 035 | _a(NLR Aleph) 004403033 | ||
| 090 |
_a3903287 _c3903287 |
||
| 100 | _a20060306d1888 |||y0rusy50 ca | ||
| 101 | 0 | _arus | |
| 102 | _aRU | ||
| 105 | _ay j ||||| | ||
| 200 | 1 |
_aУпражнения в чистописании в связи с начальными понятиями в грамматике _fСост. и написаны учителем В.А. Бронзовым |
|
| 205 | _a3-е изд. | ||
| 210 |
_aМосква _cизд. склада "Народной б-ки" В.Н. Маракуева _d1888 |
||
| 215 |
_a42 л. in recto _d16х32 |
||
| 309 | _aБез тит. л. | ||
| 700 | 1 |
_aБронзов _bВ. А. _gВладимир Александрович _4220 |
|
| 801 | 0 |
_aRU _bNLR _gpsbo |
|
| 801 | 1 |
_aRU _bProSoft-M _2rusmarc |
|
| 852 |
_aNLR _j18.197.1.408 |
||
| 942 | _cBOOK | ||
| 980 | _aNB | ||